[Event "SF Werden 2 - SC Gerthe-Werne 1"]
[Site "?"]
[Date "2023.04.16"]
[Round "6"]
[White "Zaschke, Benjamin"]
[Black "Brueggestraß, Volker"]
[Result "1/2-1/2"]
[WhiteElo "1963"]
[BlackElo "2021"]
[PlyCount "40"]
[EventDate "2023.??.??"]
[SourceDate "2022.10.02"]

1. Nf3 Nf6 2. d4 g6 3. c4 Bg7 4. Nc3 d5 5. cxd5 Nxd5 6. Bd2 O-O 7. Rc1 Nc6 8.
e4 Nxc3 9. Bxc3 Bg4 10. d5 Bxf3 11. Qxf3 Nd4 12. Qe3 c5 13. dxc6 Nxc6 14. Be2
Bxc3+ 15. Rxc3 Nd4 16. O-O Qb6 17. Bc4 Rad8 18. Qh6 Qf6 19. Qe3 Qb6 20. Qh6 Qf6
1/2-1/2

[Event "SF Werden 2 - SC Gerthe-Werne 1"]
[Site "?"]
[Date "2023.04.16"]
[Round "6"]
[White "Gottmann, Bernd"]
[Black "Diesing, Christian"]
[Result "0-1"]
[WhiteElo "1952"]
[BlackElo "1912"]
[PlyCount "78"]
[EventDate "2023.??.??"]
[SourceDate "2022.10.02"]

1. d4 e6 2. c4 d5 3. Nc3 Nf6 4. cxd5 exd5 5. Bg5 Be7 6. e3 c6 7. Qc2 h6 8. Bh4
O-O 9. Bd3 Nbd7 10. Nf3 Re8 11. O-O b6 12. Rab1 Ne4 13. Bxe7 Qxe7 14. b4 a5 15.
a3 axb4 16. axb4 Ra3 17. Rb3 Rxb3 18. Qxb3 Nxc3 19. Qxc3 c5 20. bxc5 bxc5 21.
Bb5 c4 22. Ra1 Rd8 23. Ra7 Qd6 24. Qa5 Rf8 25. Kf1 Nf6 26. Ne5 Ng4 27. Nxg4
Bxg4 28. h3 Bh5 29. Ra8 Rxa8 30. Qxa8+ Kh7 31. Qc6 Qb4 32. Kg1 c3 33. Bd3+ Bg6
34. e4 Qxd4 35. Bc2 Qd2 36. Qa4 dxe4 37. Kf1 e3 38. Bxg6+ fxg6 39. fxe3 c2 0-1

[Event "SF Werden 2 - SC Gerthe-Werne 1"]
[Site "?"]
[Date "2023.04.16"]
[Round "6"]
[White "Bury, Tobias"]
[Black "Loeffelbein, Klaus"]
[Result "1/2-1/2"]
[WhiteElo "1886"]
[BlackElo "1800"]
[PlyCount "42"]
[EventDate "2023.??.??"]
[SourceDate "2022.10.02"]

1. d4 Nf6 2. c4 e6 3. Nf3 b6 4. g3 Bb7 5. Bg2 Be7 6. O-O O-O 7. Re1 d6 8. Nc3
Nbd7 9. e4 e5 10. d5 a5 11. h3 Nc5 12. b3 Bc8 13. Qc2 Ne8 14. Nd2 f5 15. exf5
Bxf5 16. Nde4 Qc8 17. Kh2 Nf6 18. Nxf6+ Rxf6 19. Ne4 Nxe4 20. Bxe4 Bxe4 21.
Rxe4 Qf5 1/2-1/2

[Event "SF Werden 2 - SC Gerthe-Werne 1"]
[Site "?"]
[Date "2023.04.16"]
[Round "6"]
[White "Kalle, Yannis"]
[Black "Blank, Stephan"]
[Result "1-0"]
[WhiteElo "1787"]
[BlackElo "1820"]
[PlyCount "45"]
[EventDate "2023.??.??"]
[SourceDate "2022.10.02"]

1. e4 d5 2. exd5 Nf6 3. d4 Nxd5 4. c4 Nb4 5. Qa4+ N8c6 6. d5 b5 7. Qd1 Bf5 8.
Na3 Ne5 9. Nf3 Ned3+ 10. Bxd3 Nxd3+ 11. Kf1 bxc4 12. Qa4+ Qd7 13. Qxc4 e6 14.
Nb5 Nc5 15. Ne5 Qd8 16. Be3 exd5 17. Qf4 Be6 18. Nxf7 Bxf7 19. Nxc7+ Kd7 20.
Qxf7+ Kc6 21. Nxa8 Qxa8 22. Rc1 Qb8 23. Qe6+ 1-0

[Event "SF Werden 2 - SC Gerthe-Werne 1"]
[Site "?"]
[Date "2023.04.16"]
[Round "6"]
[White "Brixius, Dirk"]
[Black "Boost, Juergen"]
[Result "1-0"]
[WhiteElo "1743"]
[BlackElo "1827"]
[PlyCount "115"]
[EventDate "2023.??.??"]
[SourceDate "2022.10.02"]

1. c4 e5 2. g3 Nf6 3. Nc3 Nc6 4. Bg2 Bc5 5. Nf3 d6 6. O-O O-O 7. Na4 Bb6 8. d3
Re8 9. Nxb6 axb6 10. e4 Bg4 11. h3 Bd7 12. Be3 Ne7 13. Kh2 Ng6 14. Ng1 h6 15.
a4 c6 16. Qb3 Ra6 17. a5 bxa5 18. Qxb7 Qc8 19. Qxc8 Bxc8 20. Bd2 a4 21. Ra3 Bb7
22. Rfa1 Rea8 23. Bf3 Nd7 24. Bd1 Nb6 25. Ne2 Nf8 26. f4 Ne6 27. f5 Nc5 28. Be3
Nbd7 29. Bc2 Nb3 30. R1a2 d5 31. cxd5 cxd5 32. exd5 Bxd5 33. Nc3 Nd4 34. Nxd5
Nxc2 35. Rc3 Nxe3 36. Nxe3 Nf6 37. Rc4 Rd8 38. Rcxa4 Rxa4 39. Rxa4 Rxd3 40. Nc4
Nd7 41. Ra8+ Kh7 42. Re8 Rd4 43. b3 e4 44. Kg2 g5 45. fxg6+ Kxg6 46. Rd8 Rd3
47. Rxd7 Rxb3 48. Ne5+ Kf6 49. Nxf7 Ke6 50. Ra7 Rb2+ 51. Kf1 Rb3 52. Kf2 Rf3+
53. Ke2 Rxg3 54. Nd8+ Kf6 55. h4 Rh3 56. Ra6+ Ke7 57. Nc6+ Kf8 58. Ne5 1-0

[Event "SF Werden 2 - SC Gerthe-Werne 1"]
[Site "?"]
[Date "2023.04.16"]
[Round "6"]
[White "Meise, Ulrich"]
[Black "Biermann, KIlaus"]
[Result "1/2-1/2"]
[WhiteElo "1757"]
[BlackElo "1785"]
[PlyCount "92"]
[EventDate "2023.??.??"]
[SourceDate "2022.10.02"]

1. d4 d5 2. g3 Nf6 3. Bg2 e6 4. Nd2 Nbd7 5. e4 dxe4 6. Nxe4 Nxe4 7. Bxe4 Nf6 8.
Bg5 Be7 9. Bg2 h6 10. Bxf6 Bxf6 11. c3 O-O 12. Nf3 Qe7 13. O-O Rd8 14. Qb3 c5
15. dxc5 Qxc5 16. Rad1 Qe7 17. Rxd8+ Qxd8 18. Rd1 Qe7 19. Qb5 Qc7 20. Qe8+ Kh7
21. Nd4 Qe7 22. Qb5 e5 23. Qd3+ g6 24. Nb5 Bg4 25. Re1 Rd8 26. Qe4 Qc5 27. Qxg4
Qxb5 28. Qf3 Kg7 29. b3 b6 30. c4 Qa5 31. Re2 Qc5 32. h4 Qd4 33. a4 g5 34. hxg5
hxg5 35. Kf1 Qd1+ 36. Re1 Qxf3 37. Bxf3 Rd3 38. Re3 Rxe3 39. fxe3 Be7 40. Ke2
f5 41. Bd5 Kf6 42. Kd3 e4+ 43. Kc3 a5 44. Kd2 Ke5 45. Ke2 Bc5 46. Bc6 Bb4
1/2-1/2

[Event "SF Werden 2 - SC Gerthe-Werne 1"]
[Site "?"]
[Date "2023.04.16"]
[Round "6"]
[White "Rother, Josef"]
[Black "Al Zoubi, Ahmad"]
[Result "0-1"]
[WhiteElo "1695"]
[BlackElo "1600"]
[PlyCount "60"]
[EventDate "2023.??.??"]
[SourceDate "2022.10.02"]

1. d4 Nf6 2. Bg5 g6 3. Bxf6 exf6 4. c4 Bg7 5. Nc3 f5 6. e3 O-O 7. g3 d6 8. Bg2
Nd7 9. Nge2 c6 10. O-O Re8 11. Rb1 Nf6 12. Qd3 d5 13. cxd5 cxd5 14. Nf4 Be6 15.
Qb5 a6 16. Qxb7 Re7 17. Qb3 Rd7 18. Na4 Rb8 19. Qc3 Ne4 20. Bxe4 fxe4 21. Nc5
Rd6 22. b4 Bg4 23. Rfc1 g5 24. Ng2 Bf3 25. Ne1 g4 26. Qa3 Qg5 27. Qa4 Qh5 28.
b5 Qh3 29. bxa6 Rf8 30. a7 Rh6 0-1

[Event "Bottrop- Eichlinghofen"]
[Site "?"]
[Date "2023.04.30"]
[Round "8.1"]
[White "Watzlawek, Markus"]
[Black "Stadtmann, Jens"]
[Result "1/2-1/2"]
[WhiteElo "2101"]
[BlackElo "2215"]
[PlyCount "94"]
[SourceDate "2022.10.02"]

1. d4 Nf6 2. c4 e6 3. Nc3 Bb4 4. g3 O-O 5. Bg2 d6 6. Nf3 Bxc3+ 7. bxc3 Nbd7 8.
O-O Re8 9. Rb1 e5 10. Nd2 Rb8 11. e4 c5 12. d5 a6 13. a4 Nf8 14. Re1 Bd7 15.
Bf1 Ng6 16. Bd3 Rf8 17. Nf1 Qa5 18. Bc2 b5 19. axb5 axb5 20. cxb5 Bxb5 21. Bd2
Qc7 22. Ne3 Bd7 23. Qe2 h6 24. f3 Rfc8 25. Qa6 Ne8 26. Nc4 Rxb1 27. Rxb1 Rb8
28. Rxb8 Qxb8 29. Qb6 Qxb6 30. Nxb6 Bb5 31. Kf2 Kf8 32. c4 Ba6 33. Ke3 Ke7 34.
Ba4 Nc7 35. Kd3 Nh8 36. f4 f6 37. Ba5 Nf7 38. Bc6 exf4 39. gxf4 g5 40. Bd2 Nd8
41. Ba4 Nf7 42. Ke3 Ne8 43. Bc3 Ng7 44. fxg5 hxg5 45. Nd7 Ne5 46. Nxe5 fxe5 47.
Bb5 Bc8 1/2-1/2

[Event "Bottrop- Eichlinghofen"]
[Site "?"]
[Date "2023.04.30"]
[Round "8.2"]
[White "Boehm, Joachim"]
[Black "Brockmann, Michael"]
[Result "1-0"]
[WhiteElo "2231"]
[BlackElo "2107"]
[PlyCount "81"]
[SourceDate "2022.10.02"]

1. d4 Nf6 2. c4 e6 3. Nc3 d5 4. cxd5 exd5 5. Bg5 Be7 6. e3 c6 7. Bd3 Nbd7 8.
Qc2 O-O 9. Nf3 Re8 10. h3 Nf8 11. Bf4 Ne6 12. Be5 g6 13. O-O-O b5 14. Kb1 Qb6
15. g4 Ng7 16. Rdg1 Be6 17. Nd2 Nd7 18. Bxg7 Kxg7 19. f4 f6 20. f5 Bf7 21. h4
Bd6 22. fxg6 hxg6 23. h5 Nf8 24. hxg6 Nxg6 25. g5 f5 26. Bxf5 Rh8 27. Rh6 Nh4
28. Rxd6 Qc7 29. Rd7 Qh2 30. Rf1 Rhd8 31. Rxd8 Rxd8 32. Bd3 Qg3 33. Nd1 Rd6 34.
Nb3 Qxg5 35. Qh2 Qe7 36. Rg1+ Kf8 37. Rg4 Ng6 38. Qh6+ Ke8 39. Rxg6 Bxg6 40.
Bxg6+ Kd7 41. Qh7 1-0

[Event "Bottrop- Eichlinghofen"]
[Site "?"]
[Date "2023.04.30"]
[Round "8.3"]
[White "Schuette, Tobias"]
[Black "Ruhmann, Gabriel"]
[Result "1-0"]
[WhiteElo "1858"]
[BlackElo "1744"]
[PlyCount "47"]
[SourceDate "2022.10.02"]

1. e4 c6 2. d4 d5 3. Nc3 dxe4 4. f3 Nf6 5. fxe4 e5 6. Nf3 exd4 7. Qxd4 Qxd4 8.
Nxd4 Bb4 9. Bd3 O-O 10. Nde2 Re8 11. Bd2 Bg4 12. a3 Bxc3 13. Nxc3 Nxe4 14. Nxe4
Bf5 15. O-O Bxe4 16. Rae1 f5 17. Rxf5 Bxf5 18. Rxe8+ Kf7 19. Rh8 Bxd3 20. cxd3
a5 21. Bf4 Ke6 22. Rxb8 Rxb8 23. Bxb8 Kd5 24. Kf2 1-0

[Event "Bottrop- Eichlinghofen"]
[Site "?"]
[Date "2023.04.30"]
[Round "8.4"]
[White "Masberg, Stefan"]
[Black "Dreier, Daniel"]
[Result "0-1"]
[WhiteElo "2099"]
[BlackElo "1898"]
[PlyCount "58"]
[SourceDate "2022.10.02"]

1. e4 e5 2. Nf3 d5 3. exd5 Bd6 4. Nc3 Nf6 5. d3 h6 6. Be2 c6 7. dxc6 Nxc6 8.
O-O O-O 9. Ne4 Bc7 10. Nxf6+ Qxf6 11. Bd2 b6 12. Bc3 Bb7 13. Nd2 Qe7 14. Bf3 f5
15. Re1 b5 16. Bxe5 Bxe5 17. Bxc6 Bxc6 18. d4 Qg5 19. Nf3 Bxf3 20. Qxf3 Bf6 21.
a4 Rad8 22. Red1 Bxd4 23. axb5 f4 24. c4 Qc5 25. Rd2 Qxc4 26. Qc6 Rc8 27. Qxc4+
Rxc4 28. b3 Rb4 29. Rad1 Bb6 0-1

[Event "Bottrop- Eichlinghofen"]
[Site "?"]
[Date "2023.04.30"]
[Round "8.5"]
[White "Richter, Jan"]
[Black "Gierse, Heinz- Dieter"]
[Result "1/2-1/2"]
[WhiteElo "1812"]
[BlackElo "2063"]
[PlyCount "120"]
[SourceDate "2022.10.02"]

1. e4 d5 2. exd5 Nf6 3. d4 Bg4 4. f3 Bf5 5. Bb5+ Bd7 6. Bxd7+ Qxd7 7. c4 c6 8.
dxc6 Nxc6 9. Ne2 e6 10. Be3 Bb4+ 11. Nd2 Rd8 12. O-O O-O 13. a3 Bxd2 14. Qxd2
Ne8 15. Rfd1 Nd6 16. Rac1 Nf5 17. Bf2 b6 18. b4 Qb7 19. d5 exd5 20. cxd5 Nce7
21. Nc3 Rd7 22. g4 Nd6 23. Qd3 f5 24. Bh4 Ng6 25. Bg3 f4 26. Bf2 Ne5 27. Qe2
Re7 28. Re1 Rfe8 29. Bh4 g5 30. Bf2 Nxg4 31. Qf1 Ne3 32. Bxe3 Rxe3 33. Ne4 Nxe4
34. Rxe3 fxe3 35. fxe4 Rxe4 36. Qf5 Re8 37. Qxg5+ Qg7 38. Qxg7+ Kxg7 39. Kf1
Re5 40. Ke2 Rxd5 41. Rc7+ Kg6 42. Rxa7 Rh5 43. Ra6 Rxh2+ 44. Kxe3 Kf5 45. Rxb6
Rh3+ 46. Kd4 Rxa3 47. Rh6 Ra7 48. b5 Kg5 49. Ra6 Rd7+ 50. Kc5 h5 51. b6 Kg4 52.
Kc6 Rg7 53. b7 Rxb7 54. Kxb7 h4 55. Rh6 Kg3 56. Kc6 h3 57. Kd5 h2 58. Ke4 Kg2
59. Ke3 h1=Q 60. Rxh1 Kxh1 1/2-1/2

[Event "Bottrop- Eichlinghofen"]
[Site "?"]
[Date "2023.04.30"]
[Round "8.6"]
[White "Nowacki, Marcus"]
[Black "Wloka, Sebastian"]
[Result "0-1"]
[WhiteElo "1803"]
[BlackElo "1825"]
[PlyCount "74"]
[SourceDate "2022.10.02"]

1. Nf3 d5 2. b3 Nf6 3. Bb2 Nbd7 4. e3 e6 5. c4 Bd6 6. cxd5 exd5 7. Nc3 c6 8.
Qc2 O-O 9. Be2 Re8 10. O-O Ne5 11. Nd4 a6 12. h3 Bc7 13. f4 Ng6 14. Ba3 Ne4 15.
Rac1 Ng3 16. Rf2 Nxe2+ 17. Ncxe2 Bd6 18. Bb2 c5 19. Nf3 Nh4 20. Ng3 Nxf3+ 21.
Rxf3 Bf8 22. Qc3 b6 23. Rcf1 d4 24. Qc2 Bb7 25. e4 f5 26. Qc4+ Kh8 27. e5 Bxf3
28. Rxf3 g6 29. Ne2 Qd7 30. h4 Qb5 31. Qxb5 axb5 32. a3 Kg7 33. Kf2 Kf7 34. Ng1
Red8 35. Rd3 c4 36. bxc4 bxc4 37. Rxd4 Bc5 0-1

[Event "Bottrop- Eichlinghofen"]
[Site "?"]
[Date "2023.04.30"]
[Round "8.7"]
[White "Dekhtyaryuk, Dimitri"]
[Black "Huestegge, Ulrich"]
[Result "0-1"]
[WhiteElo "1853"]
[BlackElo "1907"]
[Annotator "daniel"]
[PlyCount "162"]
[SourceDate "2022.10.02"]

1. e4 d6 2. d4 Nf6 3. Nc3 Nc6 4. Bb5 a6 5. Bxc6+ bxc6 6. f4 Bg4 7. Nf3 e6 8. h3
Bxf3 9. Qxf3 Be7 10. e5 Nd5 11. O-O O-O 12. Ne4 f6 13. exf6 Bxf6 14. c3 e5 15.
dxe5 Bxe5 16. Qg3 Bf6 17. Bd2 Rb8 $11 18. b3 Qe7 19. Rae1 Bh4 20. Qg4 Bxe1 21.
Rxe1 Nf6 22. Qh4 Qd8 23. Ng5 Re8 24. Ne6 Qd7 25. f5 Rb5 26. g4 Re5 27. Rf1 Re2
28. Bh6 R8xe6 29. fxe6 Qxe6 30. Qg5 Ne8 31. Qf4 Nf6 32. Bg5 Qd5 33. Qf3 Qxf3
34. Rxf3 $11 Rxa2 35. c4 Rb2 36. Bh4 d5 37. Bg3 dxc4 38. bxc4 Ne8 39. Re3 Kf7
40. c5 a5 41. Ra3 Rb5 42. Bf2 Nf6 43. Rf3 Ke6 44. g5 Ne4 45. Re3 Kf5 46. Rf3+
Kxg5 47. Be3+ Kg6 48. Bd4 a4 49. Rf4 Nd2 50. Rg4+ Kf5 51. Be3 Ne4 52. Rxg7 a3
53. Rxc7 a2 54. Bd4 Rb1+ 55. Kg2 a1=Q 56. Bxa1 Rxa1 57. Rxc6 Rc1 58. Rc7 Rc2+
59. Kg1 h6 60. c6 Kf4 61. Kf1 Ke3 62. Kg1 Ng5 63. Kf1 Nxh3 64. Re7+ Kf3 65. Ke1
Rxc6 66. Re5 Nf4 67. Ra5 h5 68. Ra8 h4 69. Ra3+ Kg2 70. Ra2+ Kg1 71. Ra4 Ng2+
72. Ke2 h3 73. Ra1+ Kh2 74. Kf3 Rf6+ 75. Kg4 Ne3+ 76. Kh4 Rf2 77. Ra3 Rf3 78.
Ra2+ Kg1 79. Ra1+ Nf1 80. Kg4 Rg3+ 81. Kh4 h2 0-1

[Event "Horst- Emscher 2- Hamm"]
[Site "?"]
[Date "2023.04.30"]
[Round "8.1"]
[White "Frombach, Ralf"]
[Black "Doenges, Dirk"]
[Result "1-0"]
[WhiteElo "2199"]
[BlackElo "1840"]
[PlyCount "57"]
[SourceDate "2022.10.02"]

1. d4 d5 2. c4 c6 3. Nc3 Nf6 4. e3 g6 5. h3 Bg7 6. Nf3 a5 7. a3 O-O 8. Bd3 dxc4
9. Bxc4 b5 10. Bb3 a4 11. Ba2 Bb7 12. O-O Nbd7 13. b4 Nb6 14. e4 e6 15. Qe2 Qc7
16. Rd1 Rad8 17. Bg5 h6 18. Bh4 g5 19. Bg3 Qe7 20. Rac1 Kh8 21. Qe3 Nh5 22. Bh2
Rfe8 23. d5 exd5 24. Qxb6 dxe4 25. Rxd8 Rxd8 26. Nxe4 f5 27. Nc5 Bc8 28. Ne5
Kh7 29. Nxc6 1-0

[Event "Horst- Emscher 2- Hamm"]
[Site "?"]
[Date "2023.04.30"]
[Round "8.2"]
[White "Schorra, Helmut"]
[Black "Happel, Heiner"]
[Result "1/2-1/2"]
[WhiteElo "2108"]
[BlackElo "2220"]
[PlyCount "157"]
[SourceDate "2022.10.02"]

1. e4 c5 2. Nc3 Nc6 3. Bb5 g6 4. Bxc6 dxc6 5. f4 Bg7 6. Nf3 Nf6 7. O-O O-O 8.
d3 b6 9. Qe1 Ne8 10. Bd2 Nc7 11. Qh4 e6 12. Qxd8 Rxd8 13. e5 Nb5 14. Ne4 Nd4
15. Ne1 h5 16. Rf2 Bf8 17. g3 Be7 18. Kf1 Bb7 19. c3 Nf5 20. c4 Rd7 21. h3 Kg7
22. g4 hxg4 23. hxg4 Nd4 24. Rh2 Rdd8 25. Kg2 Rh8 26. Rxh8 Rxh8 27. g5 b5 28.
Be3 a5 29. Rc1 Rd8 30. Nc2 Nf5 31. Nf2 a4 32. b3 axb3 33. axb3 Ra8 34. Ne4 Ra2
35. Kf3 Nxe3 36. Kxe3 Kf8 37. Ra1 Rxc2 38. Ra7 Rb2 39. Rxb7 Rxb3 40. Rb8+ Kg7
41. Re8 Bf8 42. Rb8 bxc4 43. Rxb3 cxb3 44. Kd2 c4 45. dxc4 Bb4+ 46. Kc1 Ba3+
47. Kb1 Kf8 48. Nf6 Ke7 49. Ng8+ Kd8 50. Nh6 Ke8 51. Ng4 Ke7 52. Nf6 Bc5 53.
Kb2 Be3 54. Ng8+ Kd8 55. Nh6 Ke8 56. Ng4 Bxf4 57. Nf6+ Kd8 58. Ne4 Bxe5+ 59.
Kxb3 Ke7 60. Kb4 Bd4 61. c5 f5 62. gxf6+ Bxf6 63. Ka5 Be5 64. Kb6 Kd7 65. Ng5
Bf4 66. Ne4 Bc7+ 67. Kb7 Bd8 68. Nf2 e5 69. Ng4 Ke6 70. Kxc6 e4 71. Kb7 g5 72.
c6 Kd5 73. Kc8 Ba5 74. Kd7 Kd4 75. Ke6 e3 76. Nxe3 Kxe3 77. Kf5 Bd8 78. c7 Bxc7
79. Kxg5 1/2-1/2

[Event "Horst- Emscher 2- Hamm"]
[Site "?"]
[Date "2023.04.30"]
[Round "8.3"]
[White "Dargel, Manuel"]
[Black "Wilbert, Siegfried"]
[Result "1-0"]
[WhiteElo "2175"]
[BlackElo "1989"]
[PlyCount "81"]
[SourceDate "2022.10.02"]

1. c4 c5 2. Nc3 Nc6 3. g3 g6 4. Bg2 Bg7 5. e3 e5 6. Nge2 Nge7 7. O-O d6 8. d3
O-O 9. Nd5 Be6 10. Nec3 Qd7 11. Bd2 Bh3 12. Ne4 Bxg2 13. Nef6+ Kh8 14. Nxd7
Bxd5 15. Nxf8 Rxf8 16. cxd5 Nxd5 17. Qb3 Nb6 18. Bc3 d5 19. e4 c4 20. dxc4 dxc4
21. Qa3 Re8 22. b4 a6 23. Rad1 Nd4 24. Kg2 Nb5 25. Qc1 Na4 26. Ba1 c3 27. Qc2
Nb6 28. a4 Nd4 29. Qa2 c2 30. Rxd4 exd4 31. Qxc2 Rc8 32. Qb3 Nc4 33. Rd1 b5 34.
axb5 axb5 35. Bxd4 Bxd4 36. Rxd4 Re8 37. Rxc4 bxc4 38. Qxc4 Kg8 39. b5 h5 40.
b6 Re7 41. b7 1-0

[Event "Horst- Emscher 2- Hamm"]
[Site "?"]
[Date "2023.04.30"]
[Round "8.4"]
[White "Verfuerth, Christian"]
[Black "Prueß, Wilfried"]
[Result "1/2-1/2"]
[WhiteElo "1974"]
[BlackElo "2113"]
[PlyCount "26"]
[SourceDate "2022.10.02"]

1. d4 Nf6 2. Nf3 e6 3. e3 b6 4. Bd3 Bb7 5. O-O Be7 6. c4 O-O 7. Nc3 d5 8. cxd5
exd5 9. b3 Nbd7 10. Bb2 Re8 11. Rc1 Bf8 12. Ne2 Rc8 13. Bf5 g6 1/2-1/2

[Event "Horst- Emscher 2- Hamm"]
[Site "?"]
[Date "2023.04.30"]
[Round "8.5"]
[White "Schmidt, Ingo"]
[Black "Tobczewski, Peter"]
[Result "1-0"]
[WhiteElo "2017"]
[BlackElo "1971"]
[PlyCount "121"]
[SourceDate "2022.10.02"]

1. e4 c5 2. Nf3 Nf6 3. e5 Nd5 4. d4 cxd4 5. Qxd4 e6 6. Bd3 Nc6 7. Qe4 d6 8. O-O
Qc7 9. exd6 Bxd6 10. Na3 Nf6 11. Qh4 a6 12. Nc4 Be7 13. Bf4 Nd5 14. Bxc7 Bxh4
15. Bd6 Be7 16. Nfe5 Ncb4 17. Be4 f5 18. Bxe7 Kxe7 19. Bxd5 Nxd5 20. a4 Bd7 21.
Rfd1 Rhd8 22. c3 Rac8 23. Rd4 Be8 24. f4 Kf6 25. Kf2 Ne7 26. Rad1 Rxd4 27. Rxd4
Nc6 28. Nxc6 Bxc6 29. Ne5 Ke7 30. g3 Be8 31. Ke3 Rc5 32. Kd3 Rd5 33. Rxd5 exd5
34. a5 Kd6 35. Kd4 Bh5 36. Nd3 Bf7 37. Nc5 Kc6 38. b4 b6 39. Nb3 bxa5 40. Nxa5+
Kd6 41. Nb7+ Kc7 42. Nc5 Kb6 43. Nd3 Kb5 44. Ne5 Be6 45. Nf3 Bg8 46. Nd2 Ka4
47. Kc5 Ka3 48. Nf3 Kb3 49. Kd4 Kc2 50. h3 Kb3 51. Ne5 Be6 52. Nd3 Kc2 53. Nc5
Bc8 54. Na4 Kb3 55. Nb6 Bb7 56. g4 g6 57. gxf5 gxf5 58. Nd7 Bc8 59. Nf6 h6 60.
Nxd5 Be6 61. c4 1-0

[Event "Horst- Emscher 2- Hamm"]
[Site "?"]
[Date "2023.04.30"]
[Round "8.6"]
[White "Hiebsch, Catalina"]
[Black "Paduch, Alexander"]
[Result "0-1"]
[WhiteElo "1821"]
[BlackElo "1995"]
[PlyCount "80"]
[SourceDate "2022.10.02"]

1. e4 e6 2. d4 d5 3. exd5 exd5 4. Nf3 Nf6 5. Be2 Bd6 6. O-O O-O 7. b3 Ne4 8. c4
c6 9. Qc2 Bg4 10. h3 Bh5 11. g4 Bg6 12. Bd3 Re8 13. Nc3 Bb4 14. Ne2 Bd6 15. Kg2
f5 16. g5 Bh5 17. h4 h6 18. Neg1 Kh7 19. Nh3 Nd7 20. c5 Bc7 21. Nh2 Qb8 22. f4
Nf8 23. Bxe4 dxe4 24. Be3 Ng6 25. Kg3 Ne7 26. Rfe1 Nd5 27. a3 Qd8 28. Qc4 Qd7
29. Ra2 Rad8 30. Rd2 Qe6 31. Rf2 Nxe3 32. Qxe6 Rxe6 33. Rxe3 Rxd4 34. Rc2 Re8
35. Nf1 Red8 36. Nf2 Bf7 37. b4 Bc4 38. Nh2 Bb5 39. Ra2 Rd2 40. Rxd2 Rxd2 0-1

[Event "Horst- Emscher 2- Hamm"]
[Site "?"]
[Date "2023.04.30"]
[Round "8.7"]
[White "Klaus, Michael"]
[Black "Konietzka, Bernd"]
[Result "1-0"]
[WhiteElo "1939"]
[BlackElo "2016"]
[PlyCount "77"]
[SourceDate "2022.10.02"]

1. d4 f5 2. c4 Nf6 3. Nc3 e6 4. Nf3 d5 5. Bg5 c6 6. e3 Bd6 7. Be2 O-O 8. Ne5
Qe8 9. f4 Bb4 10. Bxf6 Rxf6 11. Qb3 Ba5 12. Qa4 Bc7 13. cxd5 b5 14. Qb3 exd5
15. Nxd5 Ba5+ 16. Kf2 Re6 17. Nb4 Kh8 18. Rac1 Bb7 19. Bf3 Nd7 20. Nbxc6 Nxe5
21. Nxe5 Bxf3 22. Kxf3 Qh5+ 23. Kf2 Ree8 24. Qxb5 Bb6 25. Rc6 Rxe5 26. dxe5 Rd8
27. Qe2 Qh4+ 28. g3 Qe7 29. Rhc1 h6 30. Rc8 Qd7 31. Rxd8+ Qxd8 32. Qc2 Qd5 33.
Qc8+ Bd8 34. Qc2 Bb6 35. b4 a6 36. Rd1 Qb7 37. e6 Qe7 38. Qc4 Qb7 39. Qd5 1-0

[Event "Horst- Emscher 2- Hamm"]
[Site "?"]
[Date "2023.04.30"]
[Round "8.8"]
[White "Rydzewski, Klaus"]
[Black "Sporkert, Corina"]
[Result "1/2-1/2"]
[WhiteElo "2081"]
[BlackElo "1780"]
[PlyCount "49"]
[SourceDate "2022.10.02"]

1. e4 e5 2. Nf3 Nc6 3. Nc3 Bc5 4. d3 h6 5. Be3 Bb6 6. Qd2 d6 7. Be2 Nf6 8. h3
Be6 9. d4 exd4 10. Nxd4 Nxd4 11. Bxd4 Bxd4 12. Qxd4 O-O 13. g4 d5 14. e5 Ne4
15. Nxe4 dxe4 16. O-O-O Qxd4 17. Rxd4 c5 18. Rd6 Rfe8 19. Bb5 Red8 20. Rhd1
Rxd6 21. Rxd6 Kf8 22. Kd2 Ke7 23. Ke3 f5 24. Be2 Rf8 25. f4 1/2-1/2

[Event "Oberhausen 2- Katernberg 3"]
[Site "?"]
[Date "2023.04.30"]
[Round "8.1"]
[White "Rosen, Willy"]
[Black "Joergens, Markus"]
[Result "1/2-1/2"]
[WhiteElo "2100"]
[BlackElo "2072"]
[PlyCount "107"]
[SourceDate "2022.10.02"]

1. e4 e5 2. Nf3 Nc6 3. Be2 Nf6 4. d3 d5 5. Nbd2 Be7 6. c3 a5 7. O-O O-O 8. Qc2
h6 9. Re1 Be6 10. Bf1 a4 11. h3 Re8 12. exd5 Qxd5 13. Nc4 Nd7 14. Qe2 Bf6 15.
Ne3 Qd6 16. Nd2 Nc5 17. Ne4 Nxe4 18. dxe4 Qc5 19. Qb5 Ra5 20. Qxc5 Rxc5 21. Nc2
Bg5 22. Bxg5 hxg5 23. Na3 Ra8 24. Red1 Na5 25. f3 f6 26. Bb5 Nc4 27. Bxc4 Bxc4
28. Nxc4 Rxc4 29. a3 Ra6 30. Rd8+ Kh7 31. Rad1 Rb6 32. R1d2 Rc5 33. R8d7 Rcc6
34. Kf2 Kg6 35. Ke2 Rd6 36. R7xd6 cxd6 37. Kd1 Kf7 38. Kc2 Ke6 39. Rd5 Ra6 40.
Rb5 b6 41. Kd3 Kd7 42. Kc4 Kc6 43. Kb4 Ra8 44. Rd5 Ra7 45. c4 Ra8 46. Rd2 g6
47. g4 f5 48. gxf5 gxf5 49. Rg2 fxe4 50. fxe4 Rh8 51. Rg3 Rh4 52. Re3 Rf4 53.
Re2 Rh4 54. Re3 1/2-1/2

[Event "Oberhausen 2- Katernberg 3"]
[Site "?"]
[Date "2023.04.30"]
[Round "8.2"]
[White "Krueger, Andre"]
[Black "Struck, Lasse"]
[Result "0-1"]
[WhiteElo "1950"]
[BlackElo "1933"]
[PlyCount "92"]
[SourceDate "2022.10.02"]

1. e4 c5 2. Nf3 e6 3. d4 cxd4 4. Nxd4 Nc6 5. Nc3 Qc7 6. g3 a6 7. Bg2 Nf6 8. O-O
Nxd4 9. Qxd4 Bc5 10. Bf4 d6 11. Qd2 h6 12. Rad1 e5 13. Be3 Bxe3 14. fxe3 Be6
15. Qxd6 Rc8 16. h3 Qxd6 17. Rxd6 Ke7 18. Rd2 Rc4 19. Nd5+ Bxd5 20. exd5 Kd6
21. e4 Rhc8 22. c3 R8c7 23. Rdf2 Nxe4 24. Bxe4 Rxe4 25. Rxf7 Rxf7 26. Rxf7 Re2
27. Rxb7 Kxd5 28. Kf1 Rc2 29. a4 Ke4 30. Rxg7 Rxb2 31. Rg6 Kf3 32. Rf6+ Kxg3
33. Rxh6 a5 34. Ra6 Kf3 35. Ke1 Ke3 36. Kd1 Kd3 37. Ke1 e4 38. Rxa5 Rb1+ 39.
Kf2 e3+ 40. Kg3 e2 41. Re5 e1=Q+ 42. Rxe1 Rxe1 43. Kg4 Ke4 44. h4 Rg1+ 45. Kh5
Kf5 46. a5 Kf6 0-1

[Event "Oberhausen 2- Katernberg 3"]
[Site "?"]
[Date "2023.04.30"]
[Round "8.3"]
[White "Stremmel, Ralf"]
[Black "Groß, Thomas"]
[Result "1-0"]
[WhiteElo "2064"]
[BlackElo "2029"]
[PlyCount "95"]
[SourceDate "2022.10.02"]

1. Nf3 d5 2. b3 Bf5 3. Bb2 e6 4. e3 Nf6 5. Be2 h6 6. O-O Nbd7 7. d3 Bc5 8. c4
c6 9. Nbd2 O-O 10. Rc1 a5 11. Ne5 Qe7 12. Ndf3 Ba3 13. Qc2 a4 14. Bxa3 Qxa3 15.
Nxd7 Nxd7 16. Rb1 axb3 17. axb3 Qb4 18. Ra1 Nc5 19. Nd2 Rfd8 20. cxd5 exd5 21.
Rfc1 b6 22. Ra2 Ra3 23. Rxa3 Qxa3 24. Qc3 Ra8 25. d4 Nb7 26. h3 c5 27. Re1 Nd6
28. dxc5 Qxc5 29. Qb2 Rc8 30. Nf3 Be4 31. Nd4 Nf5 32. Bg4 g6 33. Qe2 Qc3 34.
Bxf5 Bxf5 35. Nxf5 gxf5 36. Rb1 Qc2 37. Qxc2 Rxc2 38. Rd1 Rc5 39. Kh2 Kg7 40.
Kg3 Kf6 41. Rd4 Ke5 42. Rb4 Rc6 43. Kf3 Rf6 44. g3 Rc6 45. Rb5 Rd6 46. Ke2 Rc6
47. Kd3 Rg6 48. f4+ 1-0

[Event "Oberhausen 2- Katernberg 3"]
[Site "?"]
[Date "2023.04.30"]
[Round "8.4"]
[White "Gerst, Michael"]
[Black "Krueger, Erich"]
[Result "0-1"]
[WhiteElo "1942"]
[BlackElo "2127"]
[PlyCount "38"]
[SourceDate "2022.10.02"]

1. d4 Nf6 2. c4 g6 3. Nc3 Bg7 4. g3 O-O 5. Bg2 d6 6. Nf3 c6 7. O-O Qa5 8. h3
Qa6 9. b3 d5 10. cxd5 Nxd5 11. Nxd5 cxd5 12. Be3 Nc6 13. Qd2 Qb6 14. Rfd1 Qb4
15. Qb2 Bf5 16. Ne5 Nxe5 17. dxe5 Rfd8 18. Bxd5 Bxh3 19. Rac1 Rxd5 0-1

[Event "Oberhausen 2- Katernberg 3"]
[Site "?"]
[Date "2023.04.30"]
[Round "8.5"]
[White "Gallas, Noel"]
[Black "Stefaniak, Christian"]
[Result "0-1"]
[WhiteElo "1893"]
[BlackElo "2038"]
[PlyCount "62"]
[SourceDate "2022.10.02"]

1. e4 e6 2. d4 d5 3. exd5 exd5 4. Nf3 Nf6 5. Bd3 Bd6 6. Bg5 O-O 7. Nc3 Re8+ 8.
Ne2 Bg4 9. Qd2 Nbd7 10. h3 Bh5 11. O-O-O Bg6 12. Bxg6 hxg6 13. Ng3 c5 14. Rhe1
Qc7 15. dxc5 Bxc5 16. Be3 Bd6 17. Ne2 Rac8 18. c3 Qa5 19. Kb1 Nb6 20. Bxb6 Qxb6
21. Nc1 Bc5 22. Rxe8+ Rxe8 23. Nb3 Bxf2 24. g4 Be3 25. Qd3 Bf4 26. g5 Re3 27.
Qf1 Ne4 28. Rxd5 Qe6 29. Rd8+ Kh7 30. Rd1 Ng3 31. Nfd4 Qe4+ 0-1